000 00740naa a22002537a 4500
001 BR8706863
003 BR-BrBNA
005 20250721154529.0
007 ta
008 250630b bl.|||m| |||| 00| 0 por d
040 _aBR-BrBNA
_bpor
_cBiblioteca Nacional de Agricultura
041 _a(Pt)
072 _aN10; E50
_b4410
090 _aN10 BR8706863
100 1 _aAnon.
245 1 _aConstrucao com solo-cimento
500 _aCasa, comida e agua fresca Rio de Janeiro, RJ (Brasil): 1980. p. 6-10 (BR8706863-AMS)
650 _aINSTALACAO AGRICOLA
650 _aHABITACAO
650 _aMATERIAL DE CONSTRUCAO
490 _aCada Cabeca e um Mundo (Brazil)
_vno. 9
942 _cAMS
_2AGRIS
909 _a202506
_bLúcia
_c55
_dLúcia Elande
999 _c335415
_d335415